000 01002nam a2200229Ia 4500
999 _c34397
_d34397
001 30
003 GE_BSU
005 20220901143836.0
008 181216s2005||||ge |||||||||||||| ||geo||
020 _a 9994005944
040 _cGE_BSU
041 _ageo
080 _a338.2(479.22) ე-825
100 _aერქომაიშვილი, გულნაზ
_92815
245 _aფირმის ეკონომიკა :
_b[სახელმძღვ. ეკონ. პროფ. სტუდ.] /
_cგულნაზ ერქომაიშვილი ; რედ.: ეთერ ხარაიშვილი.
264 _aთბილისი :
_bინოვაცია,
_c2005.
300 _a311 გვ.;
_b20 სმ.
653 _aმეწარმეობა საქართველოში
653 _aფირმის ეკონომიკა
700 _a ხარაიშვილი, ეთერ
_eრედაქტორი
_914569
942 _cBK
_2udc